<?xml version="1.0" encoding="UTF-8"?>
<record
    xmlns:xsi="http://www.w3.org/2001/XMLSchema-instance"
    xsi:schemaLocation="http://www.loc.gov/MARC21/slim http://www.loc.gov/standards/marcxml/schema/MARC21slim.xsd"
    xmlns="http://www.loc.gov/MARC21/slim">

  <leader>01714nam a22002057a 4500</leader>
  <controlfield tag="005">20260128115303.0</controlfield>
  <controlfield tag="008">260128b        |||||||| |||| 00| 0 eng d</controlfield>
  <datafield tag="020" ind1=" " ind2=" ">
    <subfield code="a">9789369892884</subfield>
  </datafield>
  <datafield tag="040" ind1=" " ind2=" ">
    <subfield code="c">AL</subfield>
  </datafield>
  <datafield tag="041" ind1=" " ind2=" ">
    <subfield code="a">English</subfield>
  </datafield>
  <datafield tag="082" ind1=" " ind2=" ">
    <subfield code="a">158.1</subfield>
    <subfield code="b">JOSN</subfield>
  </datafield>
  <datafield tag="100" ind1=" " ind2=" ">
    <subfield code="a">Joseph Annamkutty Jose</subfield>
    <subfield code="9">252947</subfield>
  </datafield>
  <datafield tag="245" ind1=" " ind2=" ">
    <subfield code="a">Not all angels fly</subfield>
    <subfield code="b">: you could be one</subfield>
  </datafield>
  <datafield tag="260" ind1=" " ind2=" ">
    <subfield code="a">Haryana</subfield>
    <subfield code="b">HarperCollins Publishers</subfield>
    <subfield code="c">2025</subfield>
  </datafield>
  <datafield tag="300" ind1=" " ind2=" ">
    <subfield code="a">xvi,191p.</subfield>
    <subfield code="b">PB</subfield>
    <subfield code="c">21.5x14cm.</subfield>
  </datafield>
  <datafield tag="365" ind1=" " ind2=" ">
    <subfield code="a">XIA037711</subfield>
    <subfield code="b">&#x20B9;231.93</subfield>
    <subfield code="c">&#x20B9;</subfield>
    <subfield code="d">&#x20B9;239.00</subfield>
    <subfield code="f">14-01-2026</subfield>
  </datafield>
  <datafield tag="520" ind1=" " ind2=" ">
    <subfield code="a">A life-changing conversation with a young priest that helps a student fight despair

A mother's unwavering support and encouragement after her school-going daughter is brutally raped

A security guard's gift of life to a terminally ill young girl

A son's journey of rediscovering his mother as an individual

An enduring lesson from a freak car accident ...

Taken from everyday life, the poignant vignettes in this book explore human themes which are universal. The protagonists don't appear ethereal: they do not possess shining halos and captivating wings, and they certainly aren't airborne. If anything, they bear blemishes. Yet, they do not allow their scars to diminish their essence; in fact, they stand tall in their uniqueness.

Not All Angels Fly, masterfully translated from the Malayalam bestseller Daivathinte Charanmar, delves into the intricate interplay between sin and sainthood, while shining a light on the often-overlooked acts of heroism by ordinary people. It begs the question: Should we strive to be flawless, or is it wiser to navigate our imperfections with dignity and compassion?</subfield>
  </datafield>
  <datafield tag="700" ind1=" " ind2=" ">
    <subfield code="a">Mundani, Hrishikesh Tr</subfield>
    <subfield code="9">252948</subfield>
  </datafield>
  <datafield tag="942" ind1=" " ind2=" ">
    <subfield code="2">ddc</subfield>
    <subfield code="c">BK</subfield>
  </datafield>
  <datafield tag="999" ind1=" " ind2=" ">
    <subfield code="c">240827</subfield>
    <subfield code="d">240827</subfield>
  </datafield>
  <datafield tag="952" ind1=" " ind2=" ">
    <subfield code="0">0</subfield>
    <subfield code="1">0</subfield>
    <subfield code="2">ddc</subfield>
    <subfield code="4">0</subfield>
    <subfield code="7">0</subfield>
    <subfield code="8">MAN</subfield>
    <subfield code="a">AL</subfield>
    <subfield code="b">AL</subfield>
    <subfield code="c">SK</subfield>
    <subfield code="d">2026-01-23</subfield>
    <subfield code="e">amazon.in</subfield>
    <subfield code="g">231.93</subfield>
    <subfield code="l">0</subfield>
    <subfield code="o">158.1 JOSN</subfield>
    <subfield code="p">078084</subfield>
    <subfield code="r">2026-01-28 11:55:46</subfield>
    <subfield code="v">399.00</subfield>
    <subfield code="w">2026-01-14</subfield>
    <subfield code="y">BK</subfield>
  </datafield>
</record>
